000 00346pab a2200145 454500
008 180718b2014 xxu||||| |||| 00| 0 eng d
100 _aJaishankar, G.
245 _aSun Tzu - the art of war: a modern perspective
260 _c2014
300 _ap.643-644.
362 _aOct-Dec
650 _aWar
773 _aUSI Journal
909 _a107289
999 _c107284
_d107284